| 000 | 00523nam a2200181 4500 | ||
|---|---|---|---|
| 001 | 6172 | ||
| 003 | OCoLC | ||
| 005 | 20181127181103.0 | ||
| 020 |
_a0446604275 _c |
||
| 245 | 0 | 0 |
_aPrimary colors : _ba novel of politics / _cby Anonymous. |
| 260 |
_aNew York : _bWarner Books, _cc1996. |
||
| 300 |
_a507 p. ; _c17 cm. |
||
| 500 | _aNew York : Random House, c1996. | ||
| 650 | 0 |
_aPresidents _zUnited States _xElection _vFiction. |
|
| 655 | 0 | _aPolitical fiction. | |
| 700 | 1 |
_aKlein, Joe, _d1946- |
|
| 999 |
_c5214 _d5214 |
||